| Tag |
First Indicator |
Second Indicator |
Subfields |
| LEADER |
00000cam a2200000 i 4500 |
| 001 |
in00000796830 |
| 005 |
20171016111520.0 |
| 008 |
770811s1977 dcuabf b f000 0 eng c |
| 035 |
|
|
|a (OCoLC)ocm03176513
|
| 035 |
|
|
|a (OCoLC)3176513
|
| 037 |
|
|
|b 20410
|
| 040 |
|
|
|a GPO
|b eng
|e rda
|c GPO
|d OCLCQ
|d OCLCO
|d TXA
|d UtOrBLW
|
| 042 |
|
|
|a pcc
|
| 043 |
|
|
|a n-us-pa
|
| 049 |
|
|
|a TXAM
|
| 050 |
|
4 |
|a GB1399.2
|
| 074 |
|
|
|a 594-C-41
|
| 086 |
0 |
|
|a HH 10.9:M 86/2
|
| 245 |
0 |
0 |
|a Flood insurance study.
|p Borough of Mount Union, Pennsylvania, Huntingdon County.
|
| 246 |
1 |
|
|a Borough of Mount Union, Pennsylvania, Huntingdon County
|
| 264 |
|
1 |
|a [Washington, D.C.] :
|b U.S. Department of Housing & Urban Development, Federal Insurance Administration,
|c [1977]
|
| 300 |
|
|
|a ii, 16 pages, 4 folded leaves of plates :
|b illustrations, map ;
|c 28 cm.
|
| 336 |
|
|
|a text
|b txt
|2 rdacontent
|
| 337 |
|
|
|a unmediated
|b n
|2 rdamedia
|
| 338 |
|
|
|a volume
|b nc
|2 rdacarrier
|
| 490 |
0 |
|
|a HUD-FIA ;
|v 169-384
|0 http://id.loc.gov/authorities/names/no2011171474
|
| 500 |
|
|
|a Cover title.
|
| 500 |
|
|
|a "January 1977."
|
| 500 |
|
|
|a Study conducted by Susquehanna River Basin Commission at request of Federal Insurance Administration.
|
| 500 |
|
|
|a Authority and financing contained in contract H-3496 between contractor and Federal Insurance Administration.
|
| 504 |
|
|
|a Includes bibliographical references (page 14, 16).
|
| 500 |
|
|
|a Location map on cover.
|
| 650 |
|
0 |
|a Flood insurance
|z Pennsylvania
|z Mount Union (Huntingdon County)
|
| 650 |
|
0 |
|a Flood forecasting
|z Pennsylvania
|z Mount Union (Huntingdon County)
|
| 655 |
|
7 |
|a Technical reports.
|2 lcgft
|0 http://id.loc.gov/authorities/genreForms/gf2015026093
|
| 710 |
2 |
|
|a Susquehanna River Basin Commission,
|e issuing body.
|0 http://id.loc.gov/authorities/names/n81053380
|
| 710 |
1 |
|
|a United States.
|b Federal Insurance Administration,
|e issuing body.
|0 http://id.loc.gov/authorities/names/n50064822
|
| 856 |
4 |
1 |
|z Available online at HathiTrust:
|u http://n2t.net/ark:/81423/m34080
|t 0
|
| 994 |
|
|
|a C0
|b TXA
|
| 999 |
f |
f |
|s cd06efd2-a4d6-31f9-b5b1-06135262ba2e
|i aa73a7e5-7ce8-3124-8c72-af49bea33b90
|t 0
|
| 952 |
f |
f |
|a Texas A&M University
|b College Station
|c Electronic Resources
|d Available Online
|t 0
|e HH 10.9:M 86/2
|g Electronic
|h Superintendent of Documents classification
|
| 998 |
f |
f |
|a HH 10.9:M 86/2
|t 0
|l Available Online
|